| 000 | 01230nam a2200301Ia 4500 | ||
|---|---|---|---|
| 001 | ebr10331405 | ||
| 003 | CaPaEBR | ||
| 006 | m u | ||
| 007 | cr cn||||||||| | ||
| 008 | 081029s2009 enk sb 001 0 eng d | ||
| 010 | _z 2008045295 | ||
| 020 | _z9781843106944 (hb : alk. paper) | ||
| 040 |
_aCaPaEBR _cCaPaEBR |
||
| 035 | _a(OCoLC)646832689 | ||
| 050 | 1 | 4 |
_aRC553.A88 _bT37 2009eb |
| 100 | 1 | _aTantam, Digby. | |
| 245 | 1 | 0 |
_aCan the world afford autistic spectrum disorder? _h[electronic resource] : _bnonverbal communication, asperger syndrome and the interbrain / _cDigby Tantam. |
| 260 |
_aLondon ; _aPhiladelphia : _bJessica Kingsley Publishers, _c2009. |
||
| 300 | _a256 p. | ||
| 504 | _aIncludes bibliographical references and index. | ||
| 533 |
_aElectronic reproduction. _bPalo Alto, Calif. : _cebrary, _d2009. _nAvailable via World Wide Web. _nAccess may be limited to ebrary affiliated libraries. |
||
| 650 | 0 | _aAutism. | |
| 650 | 0 | _aNonverbal communication. | |
| 650 | 0 | _aAsperger's syndrome. | |
| 655 | 7 |
_aElectronic books. _2local |
|
| 710 | 2 | _aebrary, Inc. | |
| 856 | 4 | 0 |
_uhttp://site.ebrary.com/lib/rucke/Doc?id=10331405 _zAn electronic book accessible through the World Wide Web; click to view |
| 999 |
_c68673 _d68673 |
||